000 00538nam a22002057a 4500
003 Ost
005 20260309050717.0
008 260309b |||||||| |||| 00| 0 eng d
020 _a9788177584189
040 _cBT-PhCST
050 _a25587-25591
082 _222
_a621.38275
_bMYN
100 _aMynbaev, Djafar K.
245 _aFiber-optic communications technology /
260 _aIndia :
_bPearson,
_cc2001.
300 _a756 p. :
_bill. ;
_c23 cm.
500 _aIncludes Index.
700 _aScheiner, Lowell L.
942 _2ddc
_cECE
999 _c10165
_d10165